Sports Quiz

Random Sports or Baseball Quiz

2017 MLB All-Star Game Lineup History Quiz Stats

Quiz not verified by Sporcle

Challenge
Share
Tweet
Embed
Score 0/114 Timer 10:00
0 Plays Today
Hint Answer % Correct
Astros 2BJose Altuve
97.9%
Astros 2BJose Altuve
97.9%
Astros 2BJose Altuve
97.9%
Yankees RFAaron Judge
94.2%
Astros SSCarlos Correa
85.8%
Royals CSalvador Perez
85.4%
Royals CSalvador Perez
85.4%
Royals CSalvador Perez
85.4%
Royals CSalvador Perez
85.4%
Marlins DHGiancarlo Stanton
84.2%
Marlins DHGiancarlo Stanton
84.2%
Astros LFGeorge Springer
83.8%
Indians 3BJose Ramirez
83.3%
Giants CBuster Posey
83.3%
Giants CBuster Posey
83.3%
Giants CBuster Posey
83.3%
Giants CBuster Posey
83.3%
Nationals/Expos RFBryce Harper
82.9%
Nationals/Expos RFBryce Harper
82.9%
Nationals/Expos RFBryce Harper
82.9%
Astros 2BCraig Biggio
81.3%
Astros 2BCraig Biggio
81.3%
Astros 2BCraig Biggio
81.3%
Astros 2BCraig Biggio
81.3%
Red Sox PChris Sale
79.2%
Red Sox CFMookie Betts
78.8%
Nationals/Expos 1BRyan Zimmerman
78.8%
Rockies 3BNolan Arenado
78.3%
Blue Jays 1BJustin Smoak
77.5%
Nationals/Expos PMax Scherzer
76.7%
Nationals/Expos 2BDaniel Murphy
76.3%
Rockies CFCharlie Blackmon
74.6%
Yankees RFBabe Ruth
73.3%
Yankees RFBabe Ruth
73.3%
Red Sox PPedro Martinez
73.3%
Yankees RFMickey Mantle
71.3%
Marlins LFMarcell Ozuna
70.8%
Reds SSZack Cozart
70.8%
Hint Answer % Correct
Reds SSBarry Larkin
68.8%
Reds SSBarry Larkin
68.8%
Reds SSBarry Larkin
68.8%
Reds SSBarry Larkin
68.8%
Reds SSBarry Larkin
68.8%
Yankees RFJoe DiMaggio
64.2%
Yankees RFJoe DiMaggio
64.2%
Yankees RFJoe DiMaggio
64.2%
Red Sox CFDom DiMaggio
63.3%
Red Sox CFDom DiMaggio
63.3%
Red Sox CFDom DiMaggio
63.3%
Blue Jays 1BCarlos Delgado
62.5%
Rays DHCorey Dickerson
61.7%
Yankees RFRoger Maris
61.3%
Yankees RFRoger Maris
61.3%
Yankees RFRoger Maris
61.3%
Red Sox PRoger Clemens
60.8%
Rockies CFLarry Walker
56.3%
Yankees RFReggie Jackson
55%
Yankees RFReggie Jackson
55%
Yankees RFReggie Jackson
55%
Red Sox CFJohnny Damon
50%
Rockies 3BVinny Castilla
48.3%
Nationals/Expos 2BJose Vidro
47.9%
Nationals/Expos 2BJose Vidro
47.9%
Yankees RFPaul O'Neill
47.5%
Yankees RFDave Winfield
46.7%
Yankees RFDave Winfield
46.7%
Yankees RFDave Winfield
46.7%
Yankees RFDave Winfield
46.7%
Yankees RFDave Winfield
46.7%
Red Sox CFCarl Yastrzemski
42.1%
Red Sox CFCarl Yastrzemski
42.1%
Red Sox CFCarl Yastrzemski
42.1%
Red Sox PDerek Lowe
42.1%
Reds SSDave Concepcion
41.7%
Reds SSDave Concepcion
41.7%
Reds SSDave Concepcion
41.7%
Hint Answer % Correct
Reds SSDave Concepcion
41.7%
Reds SSDave Concepcion
41.7%
Blue Jays 1BJohn Olerud
40.4%
Red Sox CFFred Lynn
40.4%
Red Sox CFFred Lynn
40.4%
Red Sox CFFred Lynn
40.4%
Red Sox CFFred Lynn
40.4%
Astros 2BJeff Kent
33.8%
Indians 3BTravis Fryman
32.1%
Indians 3BAl Rosen
26.3%
Indians 3BAl Rosen
26.3%
Indians 3BAl Rosen
26.3%
Nationals/Expos PSteve Rogers
20%
Red Sox PLefty Grove
17.9%
Royals CDarrell Porter
16.7%
Yankees RFCharlie Keller
11.3%
Yankees RFCharlie Keller
11.3%
Red Sox PDennis Eckersley
11.3%
Yankees RFHank Bauer
10.8%
Yankees RFHank Bauer
10.8%
Yankees RFHank Bauer
10.8%
Nationals/Expos 1BAl Oliver
10.8%
Indians 3BKen Keltner
10%
Indians 3BKen Keltner
10%
Indians 3BKen Keltner
10%
Indians 3BKen Keltner
10%
Indians 3BKen Keltner
10%
Yankees RFTommy Henrich
10%
Nationals/Expos PCharlie Lea
9.2%
Red Sox PMel Parnell
5%
Giants CWalker Cooper
4.6%
Giants CWalker Cooper
4.6%
Giants CWalker Cooper
4.6%
Red Sox PBill Monbouquette
3.8%
Reds SSRoy McMillan
2.9%
Reds SSRoy McMillan
2.9%
Giants CEd Bailey
2.5%
Reds SSLeo Cardenas
2.1%

You're not logged in!

Compare scores with friends on all Sporcle quizzes.
Join for Free
OR
Log In

Show Comments

Extras

Top Quizzes Today


Score Distribution

Your Account Isn't Verified!

In order to create a playlist on Sporcle, you need to verify the email address you used during registration. Go to your Sporcle Settings to finish the process.

Report this User

Report this user for behavior that violates our Community Guidelines.

Details: